00415nam a2200169 a 4500001001300000003000900013005001700022008004100039020001200080082001700092100002300109245001800132260003200150300000800182500003500190505002000225nice12345678IN_TiNIC20260116013139.0050524s1995 lona grp 000 0 eng  ac636.500a297.4bSHA28 aShabistari, Mahmud aSecret Garden aLondonbOctagon Pressc1995 a81p aincludes index and biblioraphy2 aGlossary, Index